Talisman spiklenců /

Hlavní autor: Hrnčíř, Svatopluk, 1926-2014
Další autoři: Kocián, Michal, 1960-
Jazyk: Čeština
Vydáno: Praha : Leprez, 1996
Edice: Knihy táborového ohně (Leprez)
Témata:
Externí odkaz: Digitalizovaný dokument
Fyzický popis: 154 s. : il. ; 21 cm
Knihy
Uloženo v:
LEADER 01321nam a2200337 a 4500
001 000605990
003 CZ BrMZK
005 20210129132921.0
007 ta
008 020613s1996 xr a f 000 0 cze d
015 |a cnb000307345 
020 |a 80-86061-02-7  |q (váz.) 
035 |a (OCoLC)39317568 
040 |a BOA001  |b cze  |c BOA001 
080 |a 821.162.3-31  |2 MRF 
080 |a 82-93  |2 MRF 
100 1 |a Hrnčíř, Svatopluk,  |d 1926-2014  |7 jk01042788  |4 aut 
245 1 0 |a Talisman spiklenců /  |c Svatopluk Hrnčíř ; [ilustroval Michal Kocián] 
260 |a Praha :  |b Leprez,  |c 1996 
300 |a 154 s. :  |b il. ;  |c 21 cm 
490 1 |a Knihy táborového ohně ;  |v sv. 19 
655 7 |a dobrodružné romány  |7 fd132061  |2 czenas 
655 7 |a publikace pro děti  |7 fd133156  |2 czenas 
700 1 |a Kocián, Michal,  |d 1960-  |7 jx20050905026  |4 ill 
830 0 |a Knihy táborového ohně (Leprez)  |0 s 
856 4 1 |u http://www.digitalniknihovna.cz/mzk/uuid/uuid:4b20e590-c114-11e2-8b87-005056827e51  |y Digitalizovaný dokument  |x NDK 
910 |a BOA001  |b 2-1104.094  |b PK-0127.483 
920 |a 000172385 
990 |a BK 
996 6 |b 2610162639  |c 2-1104.094  |l MZK  |r Sklad / do 1 hodiny  |n 0  |p p.v.  |w 000605990  |u 000010  |a 1  |e BOA001  |j MZK50  |s P 
996 7 |b 3119007747  |c PK-0127.483  |l MZK  |r Sklad / do 1 hodiny  |n 4  |p kup  |w 000605990  |u 000020  |a 1  |e BOA001  |j MZK50  |s A